|
|
|
|
| LEADER |
01498nam a2200373 a 4500 |
| 001 |
EBC1002987 |
| 003 |
MiAaPQ |
| 005 |
20200520144314.0 |
| 006 |
m o d | |
| 007 |
cr cn||||||||| |
| 008 |
120329s2012 vtua sb 001 0 eng d |
| 010 |
|
|
|z 2012011068
|
| 020 |
|
|
|z 9781409437246 (hardback alk. paper)
|
| 020 |
|
|
|a 9781409437253 (electronic bk.)
|
| 035 |
|
|
|a (MiAaPQ)EBC1002987
|
| 035 |
|
|
|a (Au-PeEL)EBL1002987
|
| 035 |
|
|
|a (CaPaEBR)ebr10590599
|
| 035 |
|
|
|a (CaONFJC)MIL388487
|
| 035 |
|
|
|a (OCoLC)809043372
|
| 040 |
|
|
|a MiAaPQ
|c MiAaPQ
|d MiAaPQ
|
| 050 |
|
4 |
|a HF5549.5.M63
|b S663 2012
|
| 082 |
0 |
4 |
|a 658.3/14
|2 23
|
| 100 |
1 |
|
|a Sparrow, Jane.
|
| 245 |
1 |
4 |
|a The culture builders
|h [electronic resource] :
|b leadership strategies for employee performance /
|c Jane Sparrow.
|
| 260 |
|
|
|a Burlington, Vt. :
|b Gower,
|c c2012.
|
| 300 |
|
|
|a xvi, 241 p. :
|b ill.
|
| 504 |
|
|
|a Includes bibliographical references and index.
|
| 505 |
0 |
|
|a pt. 1. The organisational engagement strategy -- pt. 2. Manager as culture builder -- pt. 3. Leader as culture builder -- pt. 4. Engagement in action.
|
| 533 |
|
|
|a Electronic reproduction. Ann Arbor, MI : ProQuest, 2015. Available via World Wide Web. Access may be limited to ProQuest affiliated libraries.
|
| 650 |
|
0 |
|a Employee motivation.
|
| 650 |
|
0 |
|a Corporate culture.
|
| 655 |
|
4 |
|a Electronic books.
|
| 710 |
2 |
|
|a ProQuest (Firm)
|
| 856 |
4 |
0 |
|u https://ebookcentral.proquest.com/lib/matrademy/detail.action?docID=1002987
|z Click to View
|